000 00378cam a2200145ua 4500
041 _aeng
_h
082 _a363.8
_bTAY/FO
100 _aTaylor, Clara Mae .
245 _aFoundations of nutrition /
_cClara mae Taylor.
_hTextual Documents
260 _aNewyork :
_bMacMillan and Company Limited ,
_c1958.
300 _a ; .
504 _a
942 _cBK
999 _c10080
_d10080